000 00388 a2200133 4500
005 20250605125030.0
020 _a978-3-030-13019
082 _a658.8 SOC
245 _aSocial Marketing in Action: Cases from Around the World.
260 _aSwitzerland,
_bSpringer,
_c2019.
300 _axxix, 460p.; tables.
_bReferences.
_c23cm.
700 _aBASIL, D. Z. & MENESES, D. G.
942 _2ddc
_cBKS
999 _c3223
_d3223